000 00249nam a2200097Ia 4500
001 799275
005 20250826170844.0
008 250824s9999 xx 000 0 und d
245 0 _aBAŞLANGIÇLARIN SONSUZ MUTLULUĞU
_cAYKUT ERTUĞRUL
260 _bKETEBE
999 _c799275
_d799275